International satellite and cable television: Resource manual for the third biennal communications law symposium
Salvato in:
| Natura: | Libro |
|---|---|
| Lingua: | Undetermined |
| Pubblicazione: |
California
Marina City Club
1983
|
| Soggetti: | |
| Tags: |
Aggiungi Tag
Nessun Tag, puoi essere il primo ad aggiungerne! !
|
| Thư viện lưu trữ: | Trung tâm Học liệu Trường Đại học Cần Thơ |
|---|
| LEADER | 00579nam a2200157Ia 4500 | ||
|---|---|---|---|
| 001 | CTU_21535 | ||
| 008 | 210402s9999 xx 000 0 und d | ||
| 082 | |a 341.7577 | ||
| 082 | |b I.61 | ||
| 245 | 0 | |a International satellite and cable television: Resource manual for the third biennal communications law symposium | |
| 260 | |a California | ||
| 260 | |b Marina City Club | ||
| 260 | |c 1983 | ||
| 650 | |a artificial satellites in telecommunication,international law,television - law and legislation | ||
| 904 | |i Minh, 980112 | ||
| 980 | |a Trung tâm Học liệu Trường Đại học Cần Thơ | ||